000 00490cam a22001337a 4500
008 180718b1960 xxu||||| |||| 00| 0 eng d
082 _aB135x5412 A141e
100 _aAli, Iashim Amir
245 _aThe Environs of Tagore: a preliminary assessment for a pilot project in regional survey and planning around the Visva-Bharti
_cby Iashim Amir Ali
260 _aBombay
_bAsia
_c1960
300 _a135+p.
650 _aCommunity Dev. - India (Bengal)
650 _aSociology, Rural - India(Bengal)
999 _c357437
_d357437